000 00292nam a22001337a 4500
003 SGT
082 _a603
_bS00A
100 _aAPTE,WAMAN SHIVRAM
245 _aSANSKRIT -HINDI- SUBDHKOSH
260 _aVARANASI
_bSHREE PRAKASHAN
_cS.N
300 _a1440
650 _aDICTIONARY
942 _2ddc
_cBK
999 _c8614
_d8614